| 000 | 00952nam a22002898a 4500 | ||
|---|---|---|---|
| 001 | 015583469 | ||
| 003 | Uk | ||
| 005 | 20130317142245.0 | ||
| 008 | 100616s2010 njua 001 0 eng|d | ||
| 015 |
_aGBB075319 _2bnb |
||
| 020 | _a0470646101 (pbk.) | ||
| 020 | _a9780470646106 (pbk.) | ||
| 082 | 0 | 4 |
_a660.2815 _222 _bSEB |
| 100 | 1 |
_aSeborg, Dale E. _932862 |
|
| 245 | 1 | 0 |
_aProcess Dynamics and Control / _cDale E. Seborg, Thomas F. Edgar, Duncan A. Mellichamp. |
| 250 | _a3rd ed. | ||
| 260 |
_aHoboken, N.J. : _bWiley ; _aChichester : _bJohn Wiley [distributor], _c2010. |
||
| 300 |
_a1 v. : _bill. |
||
| 500 | _aPrevious ed.: 2004. | ||
| 504 | _aIncludes bibliographical references and index. | ||
| 650 | 0 |
_aChemical process control. _932863 |
|
| 650 | 0 |
_aChemical process control _xMathematical models. _932864 |
|
| 653 |
_bChe _cMarch2013 |
||
| 700 | 1 |
_aEdgar, Thomas F. _932865 |
|
| 700 | 1 |
_aMellichamp, Duncan A. _932866 |
|
| 942 |
_2ddc _cBB |
||
| 999 |
_c17367 _d17339 |
||